Existeix el dret a tenir drets? = Is there a right to have rights? / Is there a right to have rights? /
ISBN:
9788469774649
Descripción Física:
93 pàgines ; 17 cm
Colección:
Breus CCCB
; 83
Otros Autores:
Gamper, Daniel
,
Tetas, Anna
,
Torres Burgos, Zoraida de
,
Benhabib, Seyla
,
Benhabib, Seyla
Materias:
Drets humans
; Dret humanitari
; Migració
; Drets de les dones
; Filosofia
; Dret internacional
Idioma:
Catalán , Español , English
MARC
| LEADER | 00000nam a2200000 i 4500 | ||
|---|---|---|---|
| 001 | 25240 | ||
| 003 | Arxiu | ||
| 005 | 20260324180728.0 | ||
| 008 | 180213s2017 spc|||| |||| 0|0 0 cat| | ||
| 015 | |a LL2018 |2 bnc | ||
| 017 | |a DL B 28506-2017 |b Biblioteca de Catalunya | ||
| 020 | |a 9788469774649 | ||
| 035 | |a (ES-BaCBU).b70022847 | ||
| 040 | |a ES-BaBC |b cat |e rda |c ES-BaBC | ||
| 041 | 1 | |a spa |a eng | |
| 080 | |a 342.7 |2 2004 | ||
| 100 | 1 | |a Benhabib, Seyla, |e autor |9 63375 | |
| 245 | 1 | 0 | |a Existeix el dret a tenir drets? = |b Is there a right to have rights? / |c Seyla Benhabib ; edició de textos: Daniel Gamper i Anna Tetas ; traducció al català: Zoraida de Torres Burgos |
| 246 | 1 | 1 | |a Is there a right to have rights? |
| 264 | 1 | |a Barcelona : |b Centre de Cultura Contemporània de Barcelona, |c [2017] | |
| 300 | |a 93 pàgines ; |c 17 cm | ||
| 336 | |a text |b txt |2 rdacontent | ||
| 337 | |a sense mediació |b n |2 rdamedia | ||
| 338 | |a volum |b nc |2 rdacarrier | ||
| 490 | 1 | |a Breus CCCB ; |v 83 | |
| 500 | |a Al verso de la portadella: "Una primera versió d'aquest assaig fou presentada a la conferència pronunciada al Centre de Cultura Contemporània de Barcelona el 16 de març del 2015, en el marc del cicle "Prendre la paraula" | ||
| 504 | |a Referències bibliogràfiques | ||
| 546 | |a Text en català i anglès | ||
| 650 | 7 | |a Drets humans |2 lemac |9 40200 | |
| 650 | 7 | |a Dret humanitari |2 lemac | |
| 653 | |a Migració | ||
| 653 | |a Drets de les dones | ||
| 653 | |a Filosofia | ||
| 653 | |a Dret internacional | ||
| 700 | 1 | |a Gamper, Daniel, |e editor literari | |
| 700 | 1 | |a Tetas, Anna, |e editor literari |9 53190 | |
| 700 | 1 | |a Torres Burgos, Zoraida de, |e traductor |9 45895 | |
| 700 | 1 | 2 | |i Contenidor de (expressió): |a Benhabib, Seyla. |t Is there a right to have rights? |
| 700 | 1 | 2 | |i Contenidor de (expressió): |a Benhabib, Seyla. |t Is there a right to have rights? |l Català |
| 710 | 2 | |a Centre de Cultura Contemporània de Barcelona |9 52510 | |
| 830 | 0 | |a Breus CCCB ; |v 83 |9 68420 | |
| 907 | |a .b70022847 |b 18-02-21 |c 13-02-18 |d 13-02-18 |e m |f a |g - |h cat |i spc |j 0 |k 0 | ||
| 908 | |a BC |a CCCB |a ICD | ||
| 940 | |a BC | ||
| 942 | |2 udc |c ARXIU |n 1 | ||
| 949 | |a 100200310G |b Publicacions CCCB |c 1 |f 04.03.19 |k CCCB | ||
| 949 | |a 1002004016 |b Publicacions CCCB |c 2 |d 7 |f 16.02.22 |k CCCB | ||
| 952 | |0 0 |1 0 |4 0 |6 BIB502 |7 1 |9 61282 |a Arxiu |b Arxiu |d 2022-04-12 |l 0 |o Bib-502 |p 25240 |r 2022-04-12 00:00:00 |w 2022-04-12 |y ARXIU | ||
| 999 | |c 81261 |d 81261 | ||